Statistics for 2020 NBA Playoff Teams

Click here to take the quiz!

General Stats

  • This quiz has been taken 363 times
    (335 since last reset)
  • The average score is 14 of 16

Answer Stats

#Team% Correct
1Los Angeles Lakers
99%
2Los Angeles Clippers
95%
5Miami Heat
95%
3Boston Celtics
94%
1Milwaukee Bucks
94%
7Brooklyn Nets
91%
3Denver Nuggets
88%
7Dallas Mavericks
87%
6Philadelphia 76ers
87%
4Houston Rockets
85%
2Toronto Raptors
85%
6Utah Jazz
85%
8Portland Trail Blazers
80%
5Oklahoma City Thunder
79%
4Indiana Pacers
78%
8Orlando Magic
74%

Score Distribution

Percentile by Number Answered

Percent of People with Each Score

Your Score History

You have not taken this quiz since the last reset